Els uniformes del cos de Mossos d'Esquadra : 300 anys d'història 300 anys d'història
Descripción Física:
1 targeta postal ; il. col. ; 11 x 15 cm
Materias:
Catalunya. -- Mossos d'Esquadra -- Uniformes -- Exposicions
; Catalunya. Mossos d'Esquadra -- Aniversaris, etc.
; Targetes postals
Idioma:
Catalán
MARC
| LEADER | 00000nkm a22000007a 4500 | ||
|---|---|---|---|
| 001 | 27734 | ||
| 003 | Arxiu | ||
| 005 | 20260324181514.0 | ||
| 008 | 230418b spa||||| |||| 00| 0 cat d | ||
| 017 | |a B 12838-2019 | ||
| 040 | |a agdb |b cat | ||
| 245 | |a Els uniformes del cos de Mossos d'Esquadra : |b 300 anys d'història | ||
| 260 | |a Barcelona : |b Diputació de Barcelona ; |b Mossos d'Esquadra ; |c 2019 | ||
| 300 | |a 1 targeta postal ; |b il. col. ; |c 11 x 15 cm | ||
| 585 | |a Postal de l'exposició realitzada de l'1 d'abril al 30 de juny de 2019, a Can Serra. | ||
| 610 | 0 | |9 56228 |a Catalunya. |b Mossos d'Esquadra |x Uniformes |x Exposicions | |
| 650 | 0 | |2 Arxiu |9 43420 |a Catalunya. Mossos d'Esquadra |x Aniversaris, etc. | |
| 655 | 0 | |9 52685 |a Targetes postals | |
| 710 | 1 | |a Barcelona (Catalunya : Província). |b Diputació |9 52408 | |
| 710 | |9 53686 |a Catalunya. |b Mossos d'Esquadra | ||
| 942 | |2 udc |c ARXIU |n 1 | ||
| 952 | |0 0 |1 0 |2 udc |4 0 |6 NBM1750 |7 1 |9 66171 |a Arxiu |b Arxiu |d 2023-04-18 |l 0 |o NBM-17-50 |p 27734 |r 2023-04-18 00:00:00 |w 2023-04-18 |y ARXIU | ||
| 999 | |c 83372 |d 83372 | ||